Catálogo de la Biblioteca Horacio González - Universidad Nacional de General Sarmiento

Tiempo de crisis, tiempo de oportunidades : (Registro nro. 57877)

Detalles MARC
000 -CABECERA
campo de control de longitud fija 01381nam a22004930a 4500
001 - NÚMERO DE CONTROL
campo de control PT54598
003 - IDENTIFICADOR DEL NÚMERO DE CONTROL
campo de control AR-LpoUNG
005 - FECHA Y HORA DE LA ÚLTIMA TRANSACCIÓN
campo de control 20210516203437.0
008 - DATOS DE LONGITUD FIJA--INFORMACIÓN GENERAL
campo de control de longitud fija 191001s2013||||sp |||||||||||||||||spa d
040 ## - FUENTE DE LA CATALOGACIÓN
Centro catalogador/agencia de origen AR-LpoUNG
Lengua de catalogación spa
Centro/agencia transcriptor AR-LpoUNG
Normas de descripción aacr
041 ## - CÓDIGO DE LENGUA
Código de lengua del texto/banda sonora o título independiente spa
044 ## - CÓDIGO DEL PAÍS DE LA ENTIDAD EDITORA/PRODUCTORA
Código MARC del país sp
082 0# - NÚMERO DE LA CLASIFICACIÓN DECIMAL DEWEY
Número de clasificación 334.01 678tie
111 2# - ENTRADA PRINCIPAL--NOMBRE DE CONGRESO/REUNIÓN
Nombre de congreso/reunión o jurisdicción como elemento de entrada Congreso de Agrupación de Sociedades Laborales de Euskadi, 3, Bilbao, 10 de febrero y 15 de marzo de 2012
245 10 - MENCIÓN DE TÍTULO
Título Tiempo de crisis, tiempo de oportunidades :
Resto del título la sociedad laboral del siglo XXI
250 ## - MENCIÓN DE EDICIÓN
Mención de edición 1° ed.
260 ## - PUBLICACIÓN, DISTRIBUCIÓN, ETC.
Lugar de publicación, distribución, etc. Bilbao :
Nombre del editor, distribuidor, etc. Agrupación de Sociedades Laborales de Euskadi,
Fecha de publicación, distribución, etc. 2013.
300 ## - DESCRIPCIÓN FÍSICA
Extensión 189 p. :
Otras características físicas fot.
650 #4 - PUNTO DE ACCESO ADICIONAL DE MATERIA--TÉRMINO DE MATERIA
Término de materia o nombre geográfico como elemento de entrada ASPECTOS SOCIALES
650 #4 - PUNTO DE ACCESO ADICIONAL DE MATERIA--TÉRMINO DE MATERIA
Término de materia o nombre geográfico como elemento de entrada CAPITALISMO
650 #4 - PUNTO DE ACCESO ADICIONAL DE MATERIA--TÉRMINO DE MATERIA
Término de materia o nombre geográfico como elemento de entrada CRISIS SOCIAL
650 #4 - PUNTO DE ACCESO ADICIONAL DE MATERIA--TÉRMINO DE MATERIA
Término de materia o nombre geográfico como elemento de entrada DOCTRINAS ECONOMICAS
650 #4 - PUNTO DE ACCESO ADICIONAL DE MATERIA--TÉRMINO DE MATERIA
Término de materia o nombre geográfico como elemento de entrada ECONOMIA
650 #4 - PUNTO DE ACCESO ADICIONAL DE MATERIA--TÉRMINO DE MATERIA
Término de materia o nombre geográfico como elemento de entrada ECONOMIA COLECTIVA
650 #4 - PUNTO DE ACCESO ADICIONAL DE MATERIA--TÉRMINO DE MATERIA
Término de materia o nombre geográfico como elemento de entrada EMPRESAS
650 #4 - PUNTO DE ACCESO ADICIONAL DE MATERIA--TÉRMINO DE MATERIA
Término de materia o nombre geográfico como elemento de entrada ESPAÑA
650 #4 - PUNTO DE ACCESO ADICIONAL DE MATERIA--TÉRMINO DE MATERIA
Término de materia o nombre geográfico como elemento de entrada ESTADO
650 #4 - PUNTO DE ACCESO ADICIONAL DE MATERIA--TÉRMINO DE MATERIA
Término de materia o nombre geográfico como elemento de entrada EUROPA
650 #4 - PUNTO DE ACCESO ADICIONAL DE MATERIA--TÉRMINO DE MATERIA
Término de materia o nombre geográfico como elemento de entrada RECESION ECONOMICA
650 #4 - PUNTO DE ACCESO ADICIONAL DE MATERIA--TÉRMINO DE MATERIA
Término de materia o nombre geográfico como elemento de entrada SOCIEDAD
650 #4 - PUNTO DE ACCESO ADICIONAL DE MATERIA--TÉRMINO DE MATERIA
Término de materia o nombre geográfico como elemento de entrada TRABAJADORES
650 #4 - PUNTO DE ACCESO ADICIONAL DE MATERIA--TÉRMINO DE MATERIA
Término de materia o nombre geográfico como elemento de entrada VALORES SOCIALES
651 #4 - PUNTO DE ACCESO ADICIONAL DE MATERIA--NOMBRE GEOGRÁFICO
Nombre geográfico Mundial
653 ## - TÉRMINO DE INDIZACIÓN--NO CONTROLADO
Término no controlado ASLE
653 ## - TÉRMINO DE INDIZACIÓN--NO CONTROLADO
Término no controlado ECONOMIA SOCIAL
653 ## - TÉRMINO DE INDIZACIÓN--NO CONTROLADO
Término no controlado ECONOMIA SOLIDARIA
653 ## - TÉRMINO DE INDIZACIÓN--NO CONTROLADO
Término no controlado EUSKADI
653 ## - TÉRMINO DE INDIZACIÓN--NO CONTROLADO
Término no controlado MAES
653 ## - TÉRMINO DE INDIZACIÓN--NO CONTROLADO
Término no controlado SOCIEDADES LABORALES
700 1# - PUNTO DE ACCESO ADICIONAL--NOMBRE DE PERSONA
Nombre de persona Pujana, Carlos
Término indicativo de función/relación pres.
710 2# - PUNTO DE ACCESO ADICIONAL--NOMBRE DE ENTIDAD CORPORATIVA
Nombre de entidad corporativa o nombre de jurisdicción como elemento de entrada Sociedades Laborales de Euskadi
905 ## - ELEMENTOS DE DATOS E LOCAL, LDE (RLIN)
a 54598
942 ## - ELEMENTOS DE PUNTO DE ACCESO ADICIONAL (KOHA)
Tipo de ítem Koha Libro
Existencias
Estado de retiro Estado de pérdida Estado dañado No para préstamo Código de colección Localización permanente Ubicación/localización actual Fecha de adquisición Total de préstamos Signatura topográfica completa Código de barras Fecha visto por última vez Precio válido a partir de Tipo de ítem Koha
        Colección General Biblioteca Universidad Nacional de General Sarmiento Biblioteca Universidad Nacional de General Sarmiento 16/05/2021   334.01 678tie 00059463 16/05/2021 16/05/2021 Libro